00965nam a22001577a 4500003000400000008004100004020001800045082001100063100002000074245004400094250001900138260003400157300004400191500048500235650008700720OSt200708b ||||| |||| 00| 0 eng d a9788193824788 a610.28 aNagpal, Kalpana aText book of Pharmaceutical Engineering a1 January 2018 aNew DelhibPaging Publishers  aPg. 345. Dimensions: 19.6 x 12.5 x 2 cm aTextbook of Pharmaceutical Engineering is as per the latest PCI Syllabus, for the students of B. Pharm. of 3rd Semester (Third Semester). Textbook of Pharmaceutical Engineering is meant for budding pharmacy graduates. It covers the fundamental concepts of various pharmaceutical unit operations systematically as per the new PCI syllabus. The chapters have been sequenced accordingly and the main points have been emphasized in the form of book summary at the end of each chapter. aPharmaceutics- Drug Delivery Systems,Pharmaceutical Engineering Regulratoy Science